How to design and deliver training for the new and emerging generations / (Record no. 3090)
[ view plain ]
| 000 -LEADER | |
|---|---|
| fixed length control field | nam a22 7a 4500 |
| 005 - DATE AND TIME OF LATEST TRANSACTION | |
| control field | 20170519111916.0 |
| 008 - FIXED-LENGTH DATA ELEMENTS--GENERAL INFORMATION | |
| fixed length control field | 170519b2004 cau||||| |||| 00| 0 eng d |
| 020 ## - INTERNATIONAL STANDARD BOOK NUMBER | |
| International Standard Book Number | 078796977X (pbk) : |
| Terms of availability | No price |
| 040 ## - CATALOGING SOURCE | |
| Original cataloging agency | AKMAL |
| 082 ## - DEWEY DECIMAL CLASSIFICATION NUMBER | |
| Classification number | 658.3124 ELS |
| 090 ## - LOCALLY ASSIGNED LC-TYPE CALL NUMBER (OCLC); LOCAL CALL NUMBER (RLIN) | |
| Classification number (OCLC) (R) ; Classification number, CALL (RLIN) (NR) | 658.3124 |
| Local cutter number (OCLC) ; Book number/undivided call number, CALL (RLIN) | ELS |
| 100 1# - MAIN ENTRY--PERSONAL NAME | |
| Personal name | El-Shamy, Susan. |
| 9 (RLIN) | 6409 |
| 245 10 - TITLE STATEMENT | |
| Title | How to design and deliver training for the new and emerging generations / |
| Statement of responsibility, etc. | El-Shamy, Susan |
| 260 ## - PUBLICATION, DISTRIBUTION, ETC. | |
| Place of publication, distribution, etc. | San Francisco, Calif. : |
| -- | Chichester : |
| Name of publisher, distributor, etc. | Jossey-Bass ; |
| -- | John Wiley, |
| Date of publication, distribution, etc. | 2004 |
| 300 ## - PHYSICAL DESCRIPTION | |
| Extent | xvi, 185 p. : |
| Other physical details | ill. ; |
| Dimensions | 28 cm |
| 500 ## - GENERAL NOTE | |
| General note | Includes CD-ROM. |
| 650 #0 - SUBJECT ADDED ENTRY--TOPICAL TERM | |
| Topical term or geographic name entry element | Employees |
| General subdivision | Training of |
| 9 (RLIN) | 3413 |
| 942 ## - ADDED ENTRY ELEMENTS (KOHA) | |
| Source of classification or shelving scheme | |
| Koha item type | Book |
| Withdrawn status | Lost status | Source of classification or shelving scheme | Damaged status | Not for loan | Collection code | Home library | Current library | Shelving location | Date acquired | Inventory number | Total Checkouts | Full call number | Barcode | Date last seen | Price effective from | Koha item type |
|---|---|---|---|---|---|---|---|---|---|---|---|---|---|---|---|---|
| NON-FICTION | AKMAL Melaka | AKMAL Melaka | PINJAMAN | 19.05.2017 | 602435 | 658.3124 ELS | 201703741 | 19.05.2017 | 19.05.2017 | Book |
